000 00483nam a2200181Ia 4500
005 20250326123725.0
008 250326s9999 xx 000 0 und d
037 _aTextbook
040 _aFMSL
_beng
_cFMSL
041 _aeng
_2eng
084 _aX:8M M52
_qFMSL
100 _aIacone S J
_9735910
245 0 _aModern business report writing
_cIacone S J
260 _aNY
_bNY, MacMillan
_c1985
300 _a380p
942 _cTB
_hX:8M M52
999 _c1270666
_d1270666